Doctrina cristiana y catecismo con un confesionario arte y vocabulario breves en lengua allentiac. Por el padre Luis de Valdivia, de la Compañía de Jesús. Reimpreso todo a plana y renglón, con una reseña de la vida y obras del autor. Por José Toribio Medina
Guardat en:
| Format: | Llibre |
|---|---|
| Idioma: | espanyol |
| Publicat: |
Sevilla
Imprenta de E. de Rasco
1894
|
| Edició: | 1a. ed |
| Matèries: | |
| Etiquetes: |
Afegir etiqueta
Sense etiquetes, Sigues el primer a etiquetar aquest registre!
|
MARC
| LEADER | 00000nam a2200000 a 4500 | ||
|---|---|---|---|
| 001 | UCJ3772 | ||
| 003 | CL-VaPUC | ||
| 005 | 20220106074425.0 | ||
| 008 | 070124e18940000SP |||||||||||||||||ali|d | ||
| 999 | |c 319894 |d 319892 | ||
| 040 | |c Pontificia Universidad Católica de Valparaíso | ||
| 041 | 0 | 7 | |a ali |2 CL-VaPUC |
| 041 | 0 | 7 | |a spa |2 CL-VaPUC |
| 082 | 0 | 4 | |a 983 |b MED |2 21 |
| 245 | 1 | 0 | |a Doctrina cristiana y catecismo con un confesionario arte y vocabulario breves en lengua allentiac. Por el padre Luis de Valdivia, de la Compañía de Jesús. Reimpreso todo a plana y renglón, con una reseña de la vida y obras del autor. Por José Toribio Medina |
| 250 | |a 1a. ed | ||
| 260 | |a Sevilla |b Imprenta de E. de Rasco |c 1894 | ||
| 300 | |a x, 170 p | ||
| 500 | |a Anteport.- v.: Tirada de doscientos ejemplares.- Port.- v. en bl. Portada a dos tintas. Dedicado al Dr. Don Francisco P. Moreno. Chiappa-Feliú Cruz, N§ 62 | ||
| 583 | |a last modification |c 20070124 00:00:00 |k Rodrigo Vera | ||
| 600 | 0 | 7 | |a VALDIVIA, LUIS DE |2 CL-VaPUC |9 328825 |
| 650 | 0 | |a Lenguaje y lenguas |9 265846 | |
| 650 | 7 | |a LENGUAS AMERICANAS |2 CL-VaPUC |9 506106 | |
| 650 | 7 | |a INDIOS HUARPES |2 CL-VaPUC |9 506113 | |
| 650 | 7 | |a BIOGRAFIA |2 CL-VaPUC |9 504622 | |
| 650 | 7 | |a BIBLIOGRAFIA |2 CL-VaPUC |9 256175 | |
| 650 | 7 | |a DOCUMENTOS |2 CL-VaPUC |9 366450 | |
| 650 | 0 | |a Misioneros |9 324171 | |
| 650 | 7 | |a EVANGELIZACION |2 CL-VaPUC |9 506114 | |
| 650 | 0 | |a Colonización española |9 256592 | |
| 650 | 7 | |a GLOSARIO ALENTIAC CASTELLANO |2 CL-VaPUC |9 506115 | |
| 942 | |c BK |2 ddc | ||
| 945 | |d 20070124 00:00:00 |a rinostro | ||
| 952 | |0 0 |1 0 |4 0 |6 983_000000000000000_MED_1894 |7 0 |8 X |9 398296 |a FDOBUD |b FDOBUD |d 2019-11-22 |i 1008072 |o 983 MED 1894 |p 1008072 |r 2019-11-22 |w 2019-11-22 |y BK_X |k BUD | ||